Statistics for Top Social Networks in 2022

Click here to take the quiz!

General Stats

  • This quiz has been taken 52 times
  • The average score is 9 of 17

Answer Stats

Users in
Millions
Platform% Correct
2,910Facebook
98%
988Facebook Messenger
98%
1,478Instagram
96%
436Twitter
92%
600Douyin
85%
557Snapchat
83%
1,000TikTok
83%
2,000WhatsApp
69%
2,562YouTube
56%
430Reddit
40%
550Telegram
29%
444Pinterest
23%
1,263WeChat
15%
573Sina Weibo
10%
574Tencent QQ
6%
300Quora
4%
573Kuaishou
0%

Score Distribution

Percentile by Number Answered

Percent of People with Each Score

Your Score History

You have not taken this quiz